|
|
|
|
| LEADER |
01326nam a22003134a 4500 |
| 001 |
28044 |
| 003 |
BD-DhAAL |
| 005 |
20150208125648.0 |
| 008 |
140619s2000 nyua b 001 0 eng |
| 010 |
|
|
|a 99054900
|
| 020 |
|
|
|a 0393049175
|
| 020 |
|
|
|a 0393321835 pbk
|
| 040 |
|
|
|a DLC
|c DLC
|d DLC
|d BD-DhAAL
|
| 042 |
|
|
|a pcc
|
| 050 |
0 |
0 |
|a GF13
|b .M39 2000
|
| 082 |
0 |
0 |
|a 304.2/8/0904
|2 21
|
| 100 |
1 |
|
|a McNeill, John Robert.
|9 5097
|
| 245 |
1 |
0 |
|a Something new under the sun :
|b an environmental history of the twentieth-century world /
|c J.R. McNeill.
|
| 250 |
|
|
|a 1st ed.
|
| 260 |
|
|
|a New York :
|b W.W. Norton & Company,
|c c2000.
|
| 300 |
|
|
|a xxvi, 421 p. :
|b ill. ;
|c 24 cm.
|
| 504 |
|
|
|a Includes bibliographical references (p. 363-404) and index.
|
| 541 |
|
|
|e 28044
|
| 650 |
|
0 |
|a Human ecology
|x History
|y 20th century.
|9 5098
|
| 650 |
|
0 |
|a Nature
|x Effect of human beings on
|x History
|y 20th century.
|9 5099
|
| 942 |
|
|
|2 ddc
|c BK
|
| 999 |
|
|
|c 24622
|d 24622
|
| 952 |
|
|
|0 0
|1 0
|2 ddc
|4 0
|6 304_280904000000000_MCN
|7 0
|9 34664
|a BRACUL
|b BRACUL
|c GEN
|d 2014-06-19
|e Trim Education
|g 2075.00
|l 0
|o 304.280904 MCN
|p 3010028044
|r 2014-06-19
|t 1
|w 2014-06-19
|y BK
|
| 952 |
|
|
|0 0
|1 0
|2 ddc
|4 0
|6 304_280904000000000_MCN
|7 0
|9 61018
|a BRACUL
|b BRACUL
|c GEN
|d 2017-08-24
|e Karim International
|g 1700.00
|l 0
|o 304.280904 MCN
|p 3010032039
|r 2017-08-24
|t 2
|v 1700.00
|w 2017-08-24
|y BK
|